<?xml version="1.0" encoding="UTF-8"?>
<record
    xmlns:xsi="http://www.w3.org/2001/XMLSchema-instance"
    xsi:schemaLocation="http://www.loc.gov/MARC21/slim http://www.loc.gov/standards/marcxml/schema/MARC21slim.xsd"
    xmlns="http://www.loc.gov/MARC21/slim">

  <leader>00371nam a2200133Ia 4500</leader>
  <controlfield tag="008">220603s9999    xx            000 0 und d</controlfield>
  <datafield tag="082" ind1=" " ind2=" ">
    <subfield code="b">JAM/SAL</subfield>
  </datafield>
  <datafield tag="100" ind1=" " ind2=" ">
    <subfield code="a">Jamadar Khurshid &amp; Salvi Rupali</subfield>
    <subfield code="9">93055</subfield>
  </datafield>
  <datafield tag="245" ind1=" " ind2=" ">
    <subfield code="a">Nursing Research : Expanding frontier of knowledge</subfield>
  </datafield>
  <datafield tag="260" ind1=" " ind2=" ">
    <subfield code="a">Pune</subfield>
    <subfield code="b">D Y Patil University</subfield>
    <subfield code="c">2009</subfield>
  </datafield>
  <datafield tag="300" ind1=" " ind2=" ">
    <subfield code="a">119p</subfield>
  </datafield>
  <datafield tag="365" ind1=" " ind2=" ">
    <subfield code="b">Rs.</subfield>
  </datafield>
  <datafield tag="999" ind1=" " ind2=" ">
    <subfield code="c">57124</subfield>
    <subfield code="d">57124</subfield>
  </datafield>
  <datafield tag="952" ind1=" " ind2=" ">
    <subfield code="0">0</subfield>
    <subfield code="1">0</subfield>
    <subfield code="4">0</subfield>
    <subfield code="7">0</subfield>
    <subfield code="a">BTIN</subfield>
    <subfield code="b">BTIN</subfield>
    <subfield code="d">1901-01-01</subfield>
    <subfield code="e">Mahakali Stationers</subfield>
    <subfield code="l">0</subfield>
    <subfield code="o">JAM SAL BV0405</subfield>
    <subfield code="p">BTIN-BV-405</subfield>
    <subfield code="r">2022-08-10 00:00:00</subfield>
    <subfield code="w">2009-12-16</subfield>
    <subfield code="y">BV</subfield>
    <subfield code="z">BV000405</subfield>
  </datafield>
  <datafield tag="952" ind1=" " ind2=" ">
    <subfield code="0">0</subfield>
    <subfield code="1">0</subfield>
    <subfield code="4">0</subfield>
    <subfield code="7">0</subfield>
    <subfield code="a">BTIN</subfield>
    <subfield code="b">BTIN</subfield>
    <subfield code="d">1901-01-01</subfield>
    <subfield code="e">Mahakali Stationers</subfield>
    <subfield code="l">0</subfield>
    <subfield code="o">JAM SAL BV0404</subfield>
    <subfield code="p">BTIN-BV-404</subfield>
    <subfield code="r">2022-08-10 00:00:00</subfield>
    <subfield code="w">2009-12-16</subfield>
    <subfield code="y">BV</subfield>
    <subfield code="z">BV000404</subfield>
  </datafield>
  <datafield tag="952" ind1=" " ind2=" ">
    <subfield code="0">0</subfield>
    <subfield code="1">0</subfield>
    <subfield code="4">0</subfield>
    <subfield code="7">0</subfield>
    <subfield code="a">BTIN</subfield>
    <subfield code="b">BTIN</subfield>
    <subfield code="d">2009-12-16</subfield>
    <subfield code="e">Mahakali Stationers</subfield>
    <subfield code="l">0</subfield>
    <subfield code="o">JAM SAL BV0401</subfield>
    <subfield code="p">BTIN-BV-401</subfield>
    <subfield code="r">2022-08-10 00:00:00</subfield>
    <subfield code="w">2009-12-16</subfield>
    <subfield code="y">BV</subfield>
    <subfield code="z">BV000401</subfield>
  </datafield>
  <datafield tag="952" ind1=" " ind2=" ">
    <subfield code="0">0</subfield>
    <subfield code="1">0</subfield>
    <subfield code="4">0</subfield>
    <subfield code="7">0</subfield>
    <subfield code="a">BTIN</subfield>
    <subfield code="b">BTIN</subfield>
    <subfield code="d">1901-01-01</subfield>
    <subfield code="e">Mahakali Stationers</subfield>
    <subfield code="l">0</subfield>
    <subfield code="o">JAM SAL BV0402</subfield>
    <subfield code="p">BTIN-BV-402</subfield>
    <subfield code="r">2022-08-10 00:00:00</subfield>
    <subfield code="w">2009-12-16</subfield>
    <subfield code="y">BV</subfield>
    <subfield code="z">BV000402</subfield>
  </datafield>
  <datafield tag="952" ind1=" " ind2=" ">
    <subfield code="0">0</subfield>
    <subfield code="1">0</subfield>
    <subfield code="4">0</subfield>
    <subfield code="7">0</subfield>
    <subfield code="a">BTIN</subfield>
    <subfield code="b">BTIN</subfield>
    <subfield code="d">1901-01-01</subfield>
    <subfield code="e">Mahakali Stationers</subfield>
    <subfield code="l">0</subfield>
    <subfield code="o">JAM SAL BV0403</subfield>
    <subfield code="p">BTIN-BV-403</subfield>
    <subfield code="r">2022-08-10 00:00:00</subfield>
    <subfield code="w">2009-12-16</subfield>
    <subfield code="y">BV</subfield>
    <subfield code="z">BV000403</subfield>
  </datafield>
</record>
